Mastering Autodesk Revit MEP 2011 (Record no. 221912)
[ view plain ]
| 000 -LEADER | |
|---|---|
| fixed length control field | 03061nam a2200445 a 4500 |
| 082 04 - DEWEY DECIMAL CLASSIFICATION NUMBER | |
| Classification number | 720.28/40285536 |
| 100 1# - MAIN ENTRY--AUTHOR NAME | |
| Personal name | Bokmiller, Don. |
| 245 10 - TITLE STATEMENT | |
| Title | Mastering Autodesk Revit MEP 2011 |
| 250 ## - EDITION STATEMENT | |
| Edition statement | 1st ed. |
| 260 ## - PUBLICATION, DISTRIBUTION, ETC. (IMPRINT) | |
| Place of publication | Hoboken, N.J. : |
| Name of publisher | Wiley Technology Pub., |
| Year of publication | 2010. |
| 300 ## - PHYSICAL DESCRIPTION | |
| Number of Pages | xxiii, 599 p. : |
| Other physical details | ill. (some col.). |
| 490 1# - SERIES STATEMENT | |
| Series statement | Autodesk official training guide |
| 500 ## - GENERAL NOTE | |
| General note | Includes index. |
| 505 0# - FORMATTED CONTENTS NOTE | |
| Formatted contents note | pt. 1. General project setup -- pt. 2. Revit MEP for mechanical -- pt. 3. Revit MEP for electircal -- pt. 4. Revit MEP for plumbing -- pt. 5. Managing content in Revit MEP. |
| 520 ## - SUMMARY, ETC. | |
| Summary, etc | "Master all the core concepts and functionality of Revit MEP. Revit MEP has finally come into its own, and this perfectly paced reference covers all the core concepts and functionality of this fast-growing mechanical, electrical, and plumbing software. The authors collate all their years of experience to develop this exhaustive tutorial that shows you how to design using a versatile model. You'll discover tips, tricks, and real-world exercises that only authors who use the software daily in a professional environment can know and explain. Explores the basics of the interface, how to create and use project templates, how to generate schedules that show quantities, materials, design dependencies, and more Examines the mechanical side of Revit MEP, including chapters on creating logical air, water, and fire protection systems and evaluating building loads Delves into how to best generate and model content, including solid modeling, creating symbols, using parameters, creating equipment, and more Featuring real-world sidebars, hands-on tutorials, and a supporting Web site, this reference allows you to jump into any tutorial and compare your finished work to the pros"-- |
| 650 #0 - SUBJECT ADDED ENTRY--TOPICAL TERM | |
| Topical Term | Buildings |
| Topical Term | Plumbing |
| Topical Term | Architectural drawing |
| 700 1# - ADDED ENTRY--PERSONAL NAME | |
| Personal name | Titlow, Marvin. |
| Personal name | Whitbread, Simon. |
| 856 40 - ELECTRONIC LOCATION AND ACCESS | |
| Uniform Resource Identifier | http://site.ebrary.com/lib/rucke/Doc?id=10469762 |
| 520 ## - SUMMARY, ETC. | |
| -- | Provided by publisher. |
No items available.
